[Event "XV Tº INTERNACIONAL VILLA DE N"]
[Site "Navalmoral de la Mata"]
[Date "2009.12.06"]
[Round "4.2"]
[White "Burmakin, Vladimir"]
[Black "Perez Candelario, Manuel"]
[Result "1/2-1/2"]
[WhiteElo "2602"]
[BlackElo "2521"]
[PlyCount "33"]
[EventDate "2009.12.04"]

1. Nf3 d5 2. g3 c6 3. Bg2 Nf6 4. b3 Bf5 5. Bb2 e6 6. O-O h6 7. c4 Be7 8. d3 O-O
9. Nc3 a5 10. Re1 Na6 11. e4 dxe4 12. dxe4 Bh7 13. e5 Nd7 14. Qe2 Ndc5 15. Rad1
Qc7 16. Nd4 Rfd8 17. Ne4 1/2-1/2

[Event "XV Tº INTERNACIONAL VILLA DE N"]
[Site "Navalmoral de la Mata"]
[Date "2009.12.06"]
[Round "4.3"]
[White "Guliyev, Namig"]
[Black "Korneev, Oleg"]
[Result "1/2-1/2"]
[WhiteElo "2514"]
[BlackElo "2571"]
[PlyCount "30"]
[EventDate "2009.12.04"]

1. e4 c5 2. Nf3 e6 3. d4 cxd4 4. Nxd4 a6 5. Bd3 Bc5 6. Nb3 Be7 7. Be3 d6 8.
N1d2 Nf6 9. f4 Nc6 10. Qf3 Nb4 11. O-O O-O 12. Nc4 b5 13. Nb6 Rb8 14. Nxc8 Rxc8
15. Qe2 e5 1/2-1/2

[Event "XV Tº INTERNACIONAL VILLA DE N"]
[Site "Navalmoral de la Mata"]
[Date "2009.12.06"]
[Round "4.4"]
[White "Alonso Rosell, Alvar"]
[Black "Rusev, Krasimir"]
[Result "1/2-1/2"]
[WhiteElo "2507"]
[BlackElo "2537"]
[PlyCount "39"]
[EventDate "2009.12.04"]

1. d4 d5 2. c4 c6 3. Nf3 Nf6 4. Nc3 dxc4 5. a4 e6 6. e3 c5 7. Bxc4 cxd4 8. exd4
Nc6 9. O-O Be7 10. Qe2 O-O 11. Rd1 Nb4 12. Bg5 Bd7 13. Ne5 Be8 14. Rac1 Nfd5
15. Bxe7 Nxe7 16. Bb3 Rc8 17. Qg4 Rc7 18. Ne4 Ned5 19. Qg3 Bc6 20. Bxd5 1/2-1/2

[Event "XV Tº INTERNACIONAL VILLA DE N"]
[Site "Navalmoral de la Mata"]
[Date "2009.12.06"]
[Round "4.5"]
[White "Georgiev, Vladimir"]
[Black "Gallardo Retortillo, Enrique"]
[Result "1-0"]
[WhiteElo "2582"]
[BlackElo "2177"]
[PlyCount "71"]
[EventDate "2009.12.04"]

1. d4 d5 2. Bf4 Nf6 3. e3 Bf5 4. c4 c6 5. Nc3 e6 6. Qb3 b6 7. Nf3 Be7 8. h3 O-O
9. Rc1 h6 10. Be2 Nbd7 11. cxd5 exd5 12. Ba6 c5 13. Bb7 c4 14. Qa4 a6 15. Bxa8
Qxa8 16. O-O b5 17. Qd1 b4 18. Na4 Qc6 19. Nc5 Nxc5 20. dxc5 Qxc5 21. Be5 Qa5
22. Nd4 Bd3 23. Re1 Nd7 24. Bxg7 Kxg7 25. Qg4+ Bg6 26. Nf5+ Kh7 27. Nxe7 Ne5
28. Qd4 Nd3 29. Nxd5 Rd8 30. e4 Nxe1 31. Rxe1 b3 32. Rd1 Rxd5 33. Qxd5 Qxa2 34.
Qe5 c3 35. Qxc3 Bxe4 36. Qf6 1-0

[Event "XV Tº INTERNACIONAL VILLA DE N"]
[Site "Navalmoral de la Mata"]
[Date "2009.12.06"]
[Round "4.6"]
[White "Del Rio De Angelis, Salvador G"]
[Black "Aranaz Portugues, Jose Carlos"]
[Result "1-0"]
[WhiteElo "2544"]
[BlackElo "2149"]
[PlyCount "51"]
[EventDate "2009.12.04"]

1. d4 e6 2. Nf3 f5 3. d5 d6 4. dxe6 Bxe6 5. b3 Be7 6. Nd4 Bd7 7. Nc3 Nc6 8. Nd5
Nf6 9. Nxe7 Qxe7 10. Bb2 O-O-O 11. Nxc6 Bxc6 12. Qd4 Kb8 13. O-O-O Rd7 14. Rg1
Ne4 15. f3 Nc5 16. b4 Na4 17. Ba1 Re8 18. e3 Nb6 19. Bd3 g6 20. Rge1 Qg5 21.
Re2 Rde7 22. Rde1 Nd5 23. b5 Rxe3 24. Rxe3 Nxe3 25. f4 Qh4 26. Rxe3 1-0

[Event "XV Tº INTERNACIONAL VILLA DE N"]
[Site "Navalmoral de la Mata"]
[Date "2009.12.06"]
[Round "4.7"]
[White "Martinez Lopez, Ivan"]
[Black "Vila Gazquez, Xavier"]
[Result "1-0"]
[WhiteElo "2242"]
[BlackElo "2452"]
[PlyCount "119"]
[EventDate "2009.12.04"]

1. c4 e5 2. g3 Nf6 3. Bg2 Nc6 4. Nc3 Bc5 5. e3 O-O 6. Nge2 a6 7. d4 exd4 8.
exd4 Ba7 9. O-O d6 10. h3 Re8 11. g4 Nd7 12. Be3 Nf8 13. Ng3 Ne7 14. Qd3 c6 15.
Rae1 Bd7 16. Nce4 Bb8 17. Nh5 Nfg6 18. Bh6 d5 19. Nef6+ gxf6 20. Nxf6+ Kh8 21.
Nxe8 Bxe8 22. Qe3 Bc7 23. Bg5 Qd6 24. f4 Ng8 25. c5 Qd7 26. f5 f6 27. fxg6 fxg5
28. Rf8 Bf4 29. Qe7 Qxe7 30. Rxe7 hxg6 31. Rfxe8 Rxe8 32. Rxe8 Bc1 33. Kf2 Bxb2
34. Ke3 Bc1+ 35. Kd3 Bf4 36. Rd8 Kg7 37. Rd7+ Kf8 38. Rxb7 Ke8 39. Ra7 Nf6 40.
Rxa6 Kd7 41. Ra7+ Bc7 42. Rb7 Ne8 43. a4 Kc8 44. Rb2 Ng7 45. Ra2 Ba5 46. Ke3
Ne6 47. Ra3 Kb7 48. Bf1 Bc7 49. a5 Bh2 50. a6+ Ka8 51. Ra4 Bg1+ 52. Kd3 Ka7 53.
Rb4 Kxa6 54. Rb6+ Ka5 55. Rxc6 Nxd4 56. Rxg6 Nf3 57. Ke2 Nd4+ 58. Kd1 Be3 59.
Rd6 Kb4 60. c6 1-0

[Event "XV Tº INTERNACIONAL VILLA DE N"]
[Site "Navalmoral de la Mata"]
[Date "2009.12.06"]
[Round "4.8"]
[White "Bhat, Vinay S"]
[Black "Alcaraz Ortega, Javier"]
[Result "1-0"]
[WhiteElo "2510"]
[BlackElo "2241"]
[PlyCount "55"]
[EventDate "2009.12.04"]

1. d4 Nf6 2. Nf3 e6 3. c4 c5 4. d5 d6 5. Nc3 exd5 6. cxd5 g6 7. Nd2 a6 8. a4
Be7 9. e4 O-O 10. Be2 Re8 11. O-O Nbd7 12. f4 Bf8 13. Qc2 Rb8 14. b3 Bg7 15.
Bb2 Nf8 16. h3 Qc7 17. Rae1 N8d7 18. g4 h6 19. Bd3 b6 20. Nf3 Bb7 21. Bc4 Nh7
22. Qd3 Ra8 23. e5 dxe5 24. d6 Qd8 25. Nxe5 Nxe5 26. fxe5 Ng5 27. Rxf7 Nxh3+
28. Qxh3 1-0

[Event "XV Tº INTERNACIONAL VILLA DE N"]
[Site "Navalmoral de la Mata"]
[Date "2009.12.06"]
[Round "4.9"]
[White "Khamrakulov, Ibragim S"]
[Black "Pena Riasco, Alexander"]
[Result "1-0"]
[WhiteElo "2501"]
[BlackElo "2237"]
[PlyCount "76"]
[EventDate "2009.12.04"]

1. e4 c5 2. Nf3 d6 3. c3 Nf6 4. Bd3 g6 5. O-O Bg7 6. Bc2 e5 7. d4 exd4 8. cxd4
O-O 9. h3 Re8 10. Nc3 Nc6 11. Be3 b6 12. d5 Na5 13. Qe2 a6 14. Rfd1 b5 15. e5
dxe5 16. Bxc5 Nd7 17. Bb4 e4 18. Nd4 Bb7 19. a4 Nc4 20. Nc6 Qh4 21. axb5 Nxb2
22. Re1 axb5 23. Qxb5 e3 24. fxe3 Ba6 25. Qa5 Nc4 26. Qc7 Nde5 27. Ne7+ Kh8 28.
Ne4 f5 29. Rxa6 Rxa6 30. d6 fxe4 31. d7 Nxd7 32. Qxd7 Rea8 33. Nc8 h6 34. Rf1
Ne5 35. Qe8+ Kh7 36. Bb3 h5 37. Qg8+ Kh6 38. Bf8 Qg5 1-0

[Event "XV Tº INTERNACIONAL VILLA DE N"]
[Site "Navalmoral de la Mata"]
[Date "2009.12.06"]
[Round "4.10"]
[White "Suba, Mihai"]
[Black "Garcia Romero, Benjamin Abel"]
[Result "1-0"]
[WhiteElo "2471"]
[BlackElo "2223"]
[PlyCount "44"]
[EventDate "2009.12.04"]

1. c4 e6 2. Nc3 d5 3. d4 Be7 4. Nf3 Nf6 5. Bf4 O-O 6. e3 c5 7. dxc5 Bxc5 8. a3
Nc6 9. Qc2 Qa5 10. Nd2 Bb4 11. cxd5 Nxd5 12. Nxd5 exd5 13. Bd3 h6 14. Rc1 Be7
15. O-O Be6 16. Nb3 Qb6 17. Nc5 Rac8 18. Nxe6 fxe6 19. Qe2 Bf6 20. Qh5 Ne7 21.
b4 e5 22. Bg3 g6 {Ilegible} 1-0

[Event "XV Tº INTERNACIONAL VILLA DE N"]
[Site "Navalmoral de la Mata"]
[Date "2009.12.06"]
[Round "5.1"]
[White "Fedorchuk, Sergey A"]
[Black "Guliyev, Namig"]
[Result "1-0"]
[WhiteElo "2619"]
[BlackElo "2514"]
[PlyCount "209"]
[EventDate "2009.12.04"]

1. e4 e5 2. Bc4 Nf6 3. d3 Nc6 4. Nf3 Be7 5. O-O O-O 6. Re1 d6 7. c3 Na5 8. Bb5
a6 9. Ba4 b5 10. Bc2 c5 11. Nbd2 Nc6 12. Nf1 Bb7 13. Ng3 Re8 14. Nf5 Bf8 15.
Bg5 h6 16. Bh4 g6 17. Ne3 Bg7 18. Qd2 Bc8 19. a3 Be6 20. b4 Rc8 21. Rab1 Qd7
22. Bxf6 Bxf6 23. Bb3 Ne7 24. Bxe6 Qxe6 25. c4 Bg7 26. Rec1 Qd7 27. h3 f5 28.
a4 bxa4 29. Nd5 Nxd5 30. cxd5 fxe4 31. dxe4 c4 32. Rc3 Kh7 33. Qc2 Rc7 34. Ra1
Qb5 35. Rxa4 Bf6 36. Ra5 Qxb4 37. Rxa6 Rec8 38. Ra4 Qb5 39. Nd2 Bg5 40. Raxc4
Rxc4 41. Rxc4 Rxc4 42. Qxc4 Qa5 43. Nf3 Qa1+ 44. Kh2 Qa7 45. Qc2 Bd8 46. Qc6
Be7 47. Qc8 Kg7 48. Qe6 Qc7 49. h4 Qd8 50. g3 Bf6 51. Kg2 h5 52. Nd2 Qc7 53.
Qe8 Be7 54. Qc6 Qa7 55. Nf3 Qb8 56. Qd7 Qd8 57. Qxd8 Bxd8 58. Ng5 Bb6 59. f3
Be3 60. Ne6+ Kf6 61. Kf1 Bb6 62. Ke2 Ba5 63. f4 Bb6 64. Ng5 Ba5 65. Nf3 Bb6 66.
Nd2 Bc5 67. Nc4 Bb4 68. Kf3 Bc5 69. Na5 Bb4 70. Nc6 Bc5 71. Ke2 Ba3 72. Ke3
Bc5+ 73. Kf3 Ba3 74. Na5 Bb4 75. fxe5+ dxe5 76. Nc4 Bc3 77. Ne3 Be1 78. Ng2 Bd2
79. g4 hxg4+ 80. Kxg4 Bc1 81. Kf3 Bb2 82. Ne3 Bc3 83. Ng4+ Ke7 84. Ke2 Kd6 85.
Ne3 Ke7 86. Kf3 Be1 87. Kg4 Kf6 88. Nc4 Bb4 89. d6 Bc5 90. d7 Be7 91. Na5 Ke6
92. Nc6 Kxd7 93. Nxe5+ Ke6 94. Nxg6 Ba3 95. h5 Kf6 96. e5+ Kf7 97. Kf5 Bc1 98.
e6+ Kg7 99. Ne5 Be3 100. Ng4 Bc5 101. h6+ Kg8 102. Nf6+ Kh8 103. Kg6 Bb4 104.
Nd7 Bd2 105. h7 1-0

[Event "XV Tº INTERNACIONAL VILLA DE N"]
[Site "Navalmoral de la Mata"]
[Date "2009.12.06"]
[Round "5.3"]
[White "Shchekachev, Andrei"]
[Black "Georgiev, Vladimir"]
[Result "1/2-1/2"]
[WhiteElo "2528"]
[BlackElo "2582"]
[PlyCount "32"]
[EventDate "2009.12.04"]

1. Nf3 d5 2. d4 Nf6 3. c4 c6 4. Nc3 a6 5. a4 e6 6. g3 a5 7. Bg2 Nbd7 8. O-O Bb4
9. Nd2 e5 10. cxd5 cxd5 11. e4 dxe4 12. Ndxe4 Nxe4 13. Nxe4 O-O 14. Be3 h6 15.
Rc1 f5 16. Nc5 Nxc5 1/2-1/2

[Event "XV Tº INTERNACIONAL VILLA DE N"]
[Site "Navalmoral de la Mata"]
[Date "2009.12.06"]
[Round "5.4"]
[White "Korneev, Oleg"]
[Black "Alonso Rosell, Alvar"]
[Result "1/2-1/2"]
[WhiteElo "2571"]
[BlackElo "2507"]
[PlyCount "23"]
[EventDate "2009.12.04"]

1. e4 c6 2. d4 d5 3. e5 Bf5 4. c3 e6 5. Be3 Nd7 6. Nd2 Ne7 7. f4 Bg6 8. Ngf3
Nf5 9. Bf2 h5 10. Be2 Be7 11. O-O c5 12. dxc5 1/2-1/2

[Event "XV Tº INTERNACIONAL VILLA DE N"]
[Site "Navalmoral de la Mata"]
[Date "2009.12.06"]
[Round "5.5"]
[White "Perez Candelario, Manuel"]
[Black "Del Rio De Angelis, Salvador G"]
[Result "1/2-1/2"]
[WhiteElo "2521"]
[BlackElo "2544"]
[PlyCount "119"]
[EventDate "2009.12.04"]

1. e4 e6 2. d4 d5 3. Nd2 a6 4. Ngf3 c5 5. dxc5 Bxc5 6. Bd3 Nc6 7. O-O Nge7 8.
a3 O-O 9. b4 Ba7 10. Bb2 Ng6 11. e5 f6 12. exf6 gxf6 13. c4 d4 14. c5 e5 15.
Nc4 Be6 16. Nd6 b6 17. Qc2 bxc5 18. bxc5 Qd7 19. Bxg6 hxg6 20. Qxg6+ Qg7 21.
Qe4 Ne7 22. Nxd4 Bd5 23. N4f5 Bxe4 24. Nxg7 Bxg2 25. Kxg2 Kxg7 26. Rac1 Rab8
27. Ba1 Rfd8 28. Rfd1 Nc6 29. Rd3 Kf8 30. f4 Ke7 31. fxe5 fxe5 32. Rg3 Rg8 33.
Ne4 Rxg3+ 34. hxg3 Rb3 35. Rh1 Rxa3 36. Rh6 Kd7 37. Bc3 Kc7 38. Rh7+ Kb8 39.
Rh8+ Kc7 40. Rh7+ Kd8 41. Bxe5 Nxe5 42. Rxa7 a5 43. Nd6 a4 44. g4 Ra2+ 45. Kg3
a3 46. Nf7+ Nxf7 47. Rxf7 Rc2 48. Ra7 Rxc5 49. Rxa3 Ke7 50. Rf3 Rc8 51. Rf4 Rf8
52. Ra4 Kf7 53. Kh4 Rb8 54. Kh5 Rb6 55. Ra7+ Kg8 56. Re7 Ra6 57. Rb7 Rc6 58. g5
Ra6 59. g6 Ra1 60. Kh6 1/2-1/2

[Event "XV Tº INTERNACIONAL VILLA DE N"]
[Site "Navalmoral de la Mata"]
[Date "2009.12.06"]
[Round "5.6"]
[White "Bhat, Vinay S"]
[Black "Martinez Lopez, Ivan"]
[Result "1-0"]
[WhiteElo "2510"]
[BlackElo "2242"]
[PlyCount "107"]
[EventDate "2009.12.04"]

1. d4 Nf6 2. c4 g6 3. Nc3 Bg7 4. e4 d6 5. Nf3 O-O 6. Be2 e5 7. Be3 exd4 8. Nxd4
Re8 9. f3 Nc6 10. O-O Nh5 11. Nxc6 bxc6 12. Qd2 f5 13. c5 d5 14. Bg5 Bf6 15.
Bxf6 Nxf6 16. exd5 cxd5 17. Bb5 Bd7 18. c6 Be6 19. Ne2 a6 20. Ba4 Bf7 21. Nd4
Qd6 22. b4 Nh5 23. Rfe1 Nf4 24. Bb3 Rad8 25. a3 Ne6 26. Rac1 f4 27. Nxe6 Rxe6
28. Rxe6 Qxe6 29. Qxf4 Rd6 30. Kf2 Rxc6 31. Re1 Qd6 32. Qxd6 cxd6 33. Re3 Rc1
34. Rd3 Ra1 35. Ba4 Ra2+ 36. Kg3 d4 37. Bc6 Bc4 38. Rxd4 d5 39. Rxd5 Rxa3 40.
Rd8+ Kg7 41. Rd7+ Kg8 42. Kf4 Ra2 43. Ke5 Rxg2 44. Kf6 h5 45. Be4 Kh8 46. Bxg6
Bg8 47. Rd8 Rxh2 48. Bf7 Rg2 49. Rxg8+ Rxg8 50. Bxg8 Kxg8 51. Kg5 Kf7 52. Kxh5
Kf6 53. Kg4 Kg6 54. Kf4 1-0

[Event "XV Tº INTERNACIONAL VILLA DE N"]
[Site "Navalmoral de la Mata"]
[Date "2009.12.06"]
[Round "5.7"]
[White "Komljenovic, Davorin"]
[Black "Khamrakulov, Ibragim S"]
[Result "1/2-1/2"]
[WhiteElo "2440"]
[BlackElo "2501"]
[PlyCount "25"]
[EventDate "2009.12.04"]

1. c4 Nf6 2. Nc3 c5 3. g3 g6 4. Bg2 Bg7 5. e3 O-O 6. Nge2 d6 7. O-O Nc6 8. d4
e5 9. dxc5 dxc5 10. Nd5 Be6 11. Nec3 Nd7 12. e4 Nd4 13. Be3 {Ilegible} 1/2-1/2

[Event "XV Tº INTERNACIONAL VILLA DE N"]
[Site "Navalmoral de la Mata"]
[Date "2009.12.06"]
[Round "5.8"]
[White "Gonzalez Manchon, Juan Miguel"]
[Black "Suba, Mihai"]
[Result "0-1"]
[WhiteElo "2079"]
[BlackElo "2471"]
[PlyCount "108"]
[EventDate "2009.12.04"]

1. d4 Nf6 2. c4 e6 3. Nc3 Bb4 4. e3 O-O 5. Nf3 c5 6. Bd3 d5 7. O-O dxc4 8. Bxc4
Nbd7 9. Bd3 b6 10. a3 cxd4 11. exd4 Bxc3 12. bxc3 Qc7 13. c4 Bb7 14. Re1 Rfe8
15. Ne5 Nxe5 16. dxe5 Qc6 17. f3 Ng4 18. Kf1 Nxh2+ 19. Kf2 Ng4+ 20. Kg3 f5 21.
Ra2 Nh6 22. Bxh6 gxh6 23. Qc1 Re7 24. Qxh6 Rg7+ 25. Kh2 Rg6 26. Qh4 Qc5 27. Rd2
Qf8 28. Qf4 Rd8 29. Red1 Rh6+ 30. Kg3 Rg6+ 31. Kh2 Kh8 32. Bc2 Rh6+ 33. Kg3
Qg7+ 34. Kf2 Rg8 35. Ke3 Bc6 36. Rd8 Be8 37. R1d2 Rh1 38. R8d6 Re1+ 39. Kd4 Bf7
40. Kc3 Rxe5 41. Qd4 Rc5 42. Qxg7+ Kxg7 43. a4 Kf6 44. f4 Rg4 45. R6d4 Be8 46.
Kb4 Bc6 47. Rd8 Rxf4 48. Rh8 Bd5 49. Bb3 Re4 50. Rc2 a5+ 51. Ka3 Bxc4 52. Bxc4
Rcxc4 53. Rxc4 Rxc4 54. Rxh7 Rg4 0-1

[Event "XV Tº INTERNACIONAL VILLA DE N"]
[Site "Navalmoral de la Mata"]
[Date "2009.12.06"]
[Round "5.9"]
[White "Larino Nieto, David"]
[Black "Ivanov, Jordan"]
[Result "1-0"]
[WhiteElo "2467"]
[BlackElo "2420"]
[PlyCount "39"]
[EventDate "2009.12.04"]

1. e4 c5 2. Nc3 Nc6 3. g3 g6 4. Bg2 Bg7 5. d3 d6 6. f4 e6 7. Nf3 Nge7 8. O-O
O-O 9. Be3 b6 10. Bf2 Bb7 11. Qd2 Qd7 12. d4 cxd4 13. Nxd4 Nxd4 14. Bxd4 e5 15.
Bxe5 Rad8 16. Rad1 f6 17. Qxd6 Qe8 18. Qe6+ Qf7 19. Qxf7+ Kxf7 20. Bd6 1-0

[Event "XV Tº INTERNACIONAL VILLA DE N"]
[Site "Navalmoral de la Mata"]
[Date "2009.12.06"]
[Round "5.10"]
[White "Fernandez Siles, Luis"]
[Black "Berbatov, Kiprian"]
[Result "0-1"]
[WhiteElo "2350"]
[BlackElo "2463"]
[PlyCount "60"]
[EventDate "2009.12.04"]

1. e4 c5 2. Nf3 d6 3. d4 cxd4 4. Nxd4 Nf6 5. Nc3 a6 6. Be3 e6 7. g4 e5 8. Nf5
h5 9. g5 Nxe4 10. Nxg7+ Bxg7 11. Nxe4 d5 12. Ng3 d4 13. Bd2 Qd5 14. Rg1 Bg4 15.
Be2 Nd7 16. h3 Bxe2 17. Qxe2 Rc8 18. Nxh5 Rxh5 19. Qxh5 e4 20. Qh7 Ne5 21. Qxg7
Nf3+ 22. Kd1 Nxg1 23. Bb4 e3 24. Qf8+ Kd7 25. Qe7+ Kc6 26. Qf6+ Kb5 27. Bd6 e2+
28. Ke1 Rxc2 29. a4+ Kc4 30. b3+ Kd3 0-1

[Event "XV Tº INTERNACIONAL VILLA DE N"]
[Site "Navalmoral de la Mata"]
[Date "2009.12.07"]
[Round "6.1"]
[White "Burmakin, Vladimir"]
[Black "Fedorchuk, Sergey A"]
[Result "1/2-1/2"]
[WhiteElo "2602"]
[BlackElo "2619"]
[PlyCount "21"]
[EventDate "2009.12.04"]

1. d4 Nf6 2. Nf3 e6 3. c4 Bb4+ 4. Bd2 Bxd2+ 5. Qxd2 d5 6. Nc3 O-O 7. e3 Qe7 8.
cxd5 exd5 9. Bd3 Nc6 10. h3 Nb4 11. Bb1 {Ilegible} 1/2-1/2

[Event "XV Tº INTERNACIONAL VILLA DE N"]
[Site "Navalmoral de la Mata"]
[Date "2009.12.07"]
[Round "6.2"]
[White "Georgiev, Vladimir"]
[Black "Perez Candelario, Manuel"]
[Result "1/2-1/2"]
[WhiteElo "2582"]
[BlackElo "2521"]
[PlyCount "39"]
[EventDate "2009.12.04"]

1. d4 d5 2. c4 dxc4 3. Nf3 c5 4. e4 cxd4 5. Qxd4 Qxd4 6. Nxd4 Bd7 7. Bxc4 Nc6
8. Nxc6 Bxc6 9. f3 e6 10. Be3 Nf6 11. Nd2 Nd7 12. Nb3 Bb4+ 13. Kf2 Ke7 14. Rac1
Rhc8 15. a3 Bd6 16. Na5 Be5 17. Nxc6+ Rxc6 18. Bb5 Rxc1 19. Rxc1 a6 20. Bxd7
1/2-1/2

[Event "XV Tº INTERNACIONAL VILLA DE N"]
[Site "Navalmoral de la Mata"]
[Date "2009.12.07"]
[Round "6.3"]
[White "Suba, Mihai"]
[Black "Korneev, Oleg"]
[Result "0-1"]
[WhiteElo "2471"]
[BlackElo "2571"]
[PlyCount "24"]
[EventDate "2009.12.04"]

1. c4 e5 2. g3 c6 3. d4 e4 4. Nc3 d5 5. cxd5 cxd5 6. Qb3 Nc6 7. Qxd5 Qxd5 8.
Nxd5 Nxd4 9. Be3 Nc2+ 10. Kd2 Nxa1 11. Nc7+ Kd8 12. Nxa8 Be6 {Ilegible} 0-1

[Event "XV Tº INTERNACIONAL VILLA DE N"]
[Site "Navalmoral de la Mata"]
[Date "2009.12.07"]
[Round "6.4"]
[White "Del Rio De Angelis, Salvador G"]
[Black "Bhat, Vinay S"]
[Result "1/2-1/2"]
[WhiteElo "2544"]
[BlackElo "2510"]
[PlyCount "23"]
[EventDate "2009.12.04"]

1. d4 d5 2. c4 c6 3. Nf3 Nf6 4. Nc3 e6 5. e3 Nbd7 6. Qc2 Bd6 7. b3 O-O 8. Be2
a6 9. O-O e5 10. cxd5 cxd5 11. dxe5 Nxe5 12. Bb2 1/2-1/2

[Event "XV Tº INTERNACIONAL VILLA DE N"]
[Site "Navalmoral de la Mata"]
[Date "2009.12.07"]
[Round "6.5"]
[White "Berbatov, Kiprian"]
[Black "Rusev, Krasimir"]
[Result "1-0"]
[WhiteElo "2463"]
[BlackElo "2537"]
[PlyCount "155"]
[EventDate "2009.12.04"]

1. e4 d6 2. d4 Nf6 3. Nc3 e5 4. Nf3 Nbd7 5. g4 Nxg4 6. Rg1 Ngf6 7. Be3 c6 8.
Qd2 b5 9. a3 Qc7 10. Nh4 a5 11. f4 Bb7 12. Bd3 g6 13. Nf3 Be7 14. Qf2 O-O 15.
fxe5 dxe5 16. dxe5 Nxe5 17. Nxe5 Qxe5 18. Bd4 Qe6 19. e5 c5 20. Bf5 Qc6 21.
exf6 Bxf6 22. Bxf6 Qxf6 23. Bd3 Rfe8+ 24. Kf1 Qe6 25. Rg3 c4 26. Bf5 Qa6 27.
Bh3 Re5 28. Kg1 Rae8 29. Rf1 R8e7 30. Bg2 b4 31. Bxb7 Qxb7 32. axb4 axb4 33.
Nd1 h5 34. Ne3 Qe4 35. Nf5 Rd7 36. Nh6+ Kf8 37. Nxf7 Rf5 38. Ng5 Qe7 39. Qe3
Qxe3+ 40. Rxe3 Rd2 41. Ref3 Rxc2 42. Rxf5+ gxf5 43. Rxf5+ Ke7 44. Rf2 Rc1+ 45.
Kg2 Kd6 46. Ne4+ Ke5 47. Kf3 Re1 48. Ng3 Kd4 49. Rd2+ Kc5 50. Ne4+ Kb5 51. Rd5+
Kb6 52. Rxh5 Rb1 53. Nd2 c3 54. bxc3 bxc3 55. Nc4+ Kc6 56. Ne3 Rb2 57. Rh4 Kb5
58. h3 Rh2 59. Kg3 c2 60. Rc4 Re2 61. Rxc2 Rxe3+ 62. Kg4 Re4+ 63. Kg5 Re5+ 64.
Kf4 Rh5 65. Kg4 Rh8 66. h4 Rg8+ 67. Kh5 Rh8+ 68. Kg5 Rg8+ 69. Kf6 Rh8 70. Rh2
Kc5 71. h5 Rf8+ 72. Kg7 Rf1 73. Rg2 Kd6 74. h6 Ke7 75. h7 Rf7+ 76. Kh6 Rf6+ 77.
Rg6 Rf8 78. Rg8 1-0

[Event "XV Tº INTERNACIONAL VILLA DE N"]
[Site "Navalmoral de la Mata"]
[Date "2009.12.07"]
[Round "6.6"]
[White "Alonso Rosell, Alvar"]
[Black "Shchekachev, Andrei"]
[Result "0-1"]
[WhiteElo "2507"]
[BlackElo "2528"]
[PlyCount "96"]
[EventDate "2009.12.04"]

1. d4 g6 2. c4 Bg7 3. Nf3 d6 4. g3 c5 5. Bg2 Qb6 6. dxc5 Qxc5 7. Nbd2 Nf6 8.
O-O O-O 9. Ne1 Qc7 10. Nd3 Nc6 11. Rb1 Bf5 12. e4 Bg4 13. f3 Bd7 14. b3 b5 15.
Bb2 Qb6+ 16. Kh1 Rac8 17. Nf4 e5 18. Nd3 Be6 19. Ba3 Rcd8 20. f4 Nd4 21. c5
dxc5 22. Nxe5 Qa5 23. Bxc5 Qxa2 24. Bxd4 Rxd4 25. Nef3 Rd7 26. Ra1 Qb2 27. Rb1
Qc3 28. Qe1 Ng4 29. h3 Ne3 30. Rf2 Rfd8 31. Rc1 Nxg2 32. Kxg2 Qb4 33. e5 Bd5
34. Kh2 a5 35. Ng5 a4 36. bxa4 bxa4 37. Rb1 Qa5 38. Qe3 a3 39. Nge4 Rc7 40. Ra1
a2 41. Nf3 Rb8 42. Nfg5 h6 43. Nf3 Rb1 44. Raxa2 Bxa2 45. Qd3 Rb8 46. Nd6 Bd5
47. Nh4 Rb3 48. Qd4 Qc3 0-1

[Event "XV Tº INTERNACIONAL VILLA DE N"]
[Site "Navalmoral de la Mata"]
[Date "2009.12.07"]
[Round "6.7"]
[White "Guliyev, Namig"]
[Black "Larino Nieto, David"]
[Result "1-0"]
[WhiteElo "2514"]
[BlackElo "2467"]
[PlyCount "93"]
[EventDate "2009.12.04"]

1. e4 e6 2. d4 d5 3. Nc3 Nf6 4. e5 Nfd7 5. f4 c5 6. Nf3 Nc6 7. Be3 a6 8. Qd2
cxd4 9. Nxd4 Bc5 10. O-O-O O-O 11. Qf2 Nxd4 12. Bxd4 b6 13. g3 Bb7 14. Bh3 Qc7
15. Ne2 a5 16. Kb1 a4 17. Rhe1 a3 18. b3 Bxd4 19. Qxd4 Rfc8 20. c3 g6 21. Rd3
Nc5 22. Re3 Ba6 23. Bg2 Ne4 24. Bxe4 dxe4 25. Qxe4 Bb7 26. Qb4 Ra5 27. Nd4 Ba6
28. Nc2 Rd5 29. Nd4 Qc5 30. Qxc5 bxc5 31. Nf3 Rcd8 32. c4 R5d7 33. Kc1 h6 34.
R3e2 Bb7 35. Nd2 Rd3 36. Nb1 Ra8 37. Re3 Rd4 38. Rd1 Rad8 39. Rxd4 cxd4 40. Re1
g5 41. Nxa3 d3 42. Nb1 gxf4 43. gxf4 Rd4 44. Rf1 Re4 45. Nc3 Re3 46. Kd2 Rh3
47. Rf2 1-0

[Event "XV Tº INTERNACIONAL VILLA DE N"]
[Site "Navalmoral de la Mata"]
[Date "2009.12.07"]
[Round "6.8"]
[White "Khamrakulov, Ibragim S"]
[Black "Figuero Toro, Julian Francisco"]
[Result "1-0"]
[WhiteElo "2501"]
[BlackElo "2222"]
[PlyCount "75"]
[EventDate "2009.12.04"]

1. e4 c5 2. Nf3 Nc6 3. c3 Nf6 4. e5 Nd5 5. Bc4 Nb6 6. Bb3 c4 7. Bc2 Qc7 8. Qe2
g5 9. h3 Bg7 10. O-O Nxe5 11. Nxg5 h6 12. Ne4 d5 13. Ng3 Rg8 14. f4 Nc6 15. Kh2
Bd7 16. d4 cxd3 17. Bxd3 O-O-O 18. Na3 e5 19. Be3 e4 20. Bc2 a6 21. Qf2 d4 22.
cxd4 Nd5 23. Bxe4 Nxe3 24. Qxe3 Bxd4 25. Qe2 Kb8 26. Rad1 Bf6 27. Nh5 Bh8 28.
Qf2 Be6 29. b3 Nd4 30. Ng3 h5 31. Rc1 Qe7 32. Nc2 h4 33. Ne2 Nxe2 34. Qxe2 Bf5
35. Rfe1 Bxe4 36. Qxe4 Qxe4 37. Rxe4 Rc8 38. Re2 {Ilegible} 1-0

[Event "XV Tº INTERNACIONAL VILLA DE N"]
[Site "Navalmoral de la Mata"]
[Date "2009.12.07"]
[Round "6.9"]
[White "Vila Gazquez, Xavier"]
[Black "Gallardo Retortillo, Enrique"]
[Result "1-0"]
[WhiteElo "2452"]
[BlackElo "2177"]
[PlyCount "131"]
[EventDate "2009.12.04"]

1. e4 e5 2. Nf3 Nc6 3. Nc3 Nf6 4. a3 d6 5. d4 Be7 6. d5 Nb8 7. Be3 O-O 8. h3
Nbd7 9. Be2 Kh8 10. g4 Ng8 11. Qd2 c6 12. O-O-O c5 13. g5 a6 14. h4 b5 15. h5
f6 16. Rdg1 b4 17. Nb1 Rb8 18. Nh4 fxg5 19. Rxg5 Rf4 20. Bxf4 exf4 21. Rg4 Ne5
22. Rxf4 Bg5 23. h6 Nxh6 24. Rf8+ Qxf8 25. Qxg5 Bd7 26. f4 Nef7 27. Qg3 Qe7 28.
Nd2 bxa3 29. Qxa3 Qf6 30. Ng2 Bb5 31. Bf1 Qd4 32. Qe3 Qa4 33. Qc3 Qa1+ 34. Nb1
Ba4 35. b3 Qxc3 36. Nxc3 Bb5 37. Kd2 Re8 38. Ne3 g6 39. Rg1 Kg7 40. Be2 Rb8 41.
Rc1 g5 42. fxg5 Nxg5 43. Ra1 Re8 44. Bd3 Nf3+ 45. Kc1 Nd4 46. Kb2 Bxd3 47. cxd3
Rb8 48. Ra3 Nf7 49. Nc2 Ne5 50. Nxd4 cxd4 51. Ne2 Nxd3+ 52. Kc2 Nb4+ 53. Kd2 d3
54. Nf4 Rc8 55. Nxd3 Rb8 56. Nxb4 Rxb4 57. Rxa6 Rxe4 58. Rxd6 Kf7 59. Kc3 h5
60. Rh6 h4 61. b4 Ke7 62. b5 Kd7 63. b6 Kc8 64. d6 Re1 65. Rh8+ Kd7 66. b7 1-0

[Event "XV Tº INTERNACIONAL VILLA DE N"]
[Site "Navalmoral de la Mata"]
[Date "2009.12.07"]
[Round "6.10"]
[White "Palencia, Wilson"]
[Black "Komljenovic, Davorin"]
[Result "1-0"]
[WhiteElo "2349"]
[BlackElo "2440"]
[PlyCount "51"]
[EventDate "2009.12.04"]

1. e4 c5 2. Nf3 d6 3. d4 cxd4 4. Nxd4 Nf6 5. Nc3 a6 6. Bg5 e6 7. f4 h6 8. Bh4
Nbd7 9. Qf3 Qc7 10. O-O-O Be7 11. Bg3 g6 12. Kb1 b5 13. e5 Bb7 14. Qd3 dxe5 15.
fxe5 Nd5 16. Nxe6 Nxc3+ 17. bxc3 fxe6 18. Qxg6+ Kd8 19. Qxe6 Bc8 20. Qb3 Ke8
21. Be2 h5 22. Rhf1 h4 23. Qf7+ Kd8 24. Bf2 Rf8 25. Qxf8+ Bxf8 26. Bh5 1-0